Cuestiones y retos de la psicología /

A través de esta obra se intenta aproximarse a aspectos polémicos dentro de la psicología como desarrollo del bebé, del niño y del adolescente, el juego, y el uso de las nuevas tecnologías en la educación.

Furkejuvvon:
Bibliográfalaš dieđut
Váldodahkki: Martí Sala, Eduardo (autor)
Materiálatiipa: Girji
Giella:espánnjágiella
Almmustuhtton: Barcelona, España : Laia, 1989
Ráidu:(Cuadernos de Pedagogía ; 43)
Fáttát:
Fáddágilkorat: Lasit fáddágilkoriid
Eai fáddágilkorat, Lasit vuosttaš fáddágilkora!

MARC

LEADER 00000nam^a2200000^a^4500
001 000042607
005 20250521000000.0
009 20260310085742.747
020 |a 84-7668-245-X 
037 |a Acervo ITESO - Biblioteca 
041 |a ESP 
082 |a 150.  |b MAR 
100 |a Martí Sala, Eduardo  |e (autor) 
245 1 0 |a Cuestiones y retos de la psicología /  |c E. Martí Sala. 
264 1 |a Barcelona, España :  |b Laia,  |c 1989 
300 |a 204 p. 
336 |a texto  |b txt  |2 rdacontenido 
337 |a sin mediación  |b n  |2 rdamedio 
338 |a volumen  |b nc  |2 rdasoporte 
440 1 |a (Cuadernos de Pedagogía ;  |v 43) 
520 |a A través de esta obra se intenta aproximarse a aspectos polémicos dentro de la psicología como desarrollo del bebé, del niño y del adolescente, el juego, y el uso de las nuevas tecnologías en la educación. 
649 |a XX 
650 |a Psicología Educativa -  |x Teoría 
650 |a Educación 
650 |a Proceso Educativo 
650 |a Proceso Educativo 
650 |a Apoyos Didácticos 
650 |a Computadoras en la Educación 
910 |a Fondo General 
920 |a Impresos - Libros 
930 |a Colección General 
905 |a 101 
901 |a 0426070100  |b IT1  |c ACC  |i 042607  |u 20250521 
902 |a https://opac.biblio.iteso.mx/vufind/Record/000042607